Đại cương về văn hóa Việt Nam chặng đường 60 năm

Wedi'i Gadw mewn:
Manylion Llyfryddiaeth
Prif Awdur: Nguyễn, Ngọc Thiện
Fformat: Llyfr
Iaith:Undetermined
Cyhoeddwyd: Hà Nội Chính trị quốc gia 2004
Tagiau: Ychwanegu Tag
Dim Tagiau, Byddwch y cyntaf i dagio'r cofnod hwn!
Thư viện lưu trữ: Trung tâm Học liệu Trường Đại học Cần Thơ
LEADER 00556nam a2200181Ia 4500
001 CTU_94453
008 210402s9999 xx 000 0 und d
020 |c 63500 
082 |a 305.89597 
082 |b Th305 
100 |a Nguyễn, Ngọc Thiện 
245 0 |a Đại cương về văn hóa Việt Nam chặng đường 60 năm 
245 0 |c Nguyễn Ngọc Thiện 
260 |a Hà Nội 
260 |b Chính trị quốc gia 
260 |c 2004 
904 |i Trúc 
980 |a Trung tâm Học liệu Trường Đại học Cần Thơ